000 00891nas a2200253 4500
001 BR8004372
003 BR-BrBNA
005 20231205084352.0
007 ta
008 230509b bl.|||p| |||| 00| 00por d
040 _aBR-BrBNA
_bpor
_cBiblioteca Nacional de Agricultura
041 _a(Pt)
072 _aH10
100 1 _aGarcia, A.H.
100 1 _aRosa, J.A.M.
100 1 _aCosta, M.G.G.
245 1 _aContribuicao ao conhecimento do ataque do Pachymerus nucleorum Fabr., 1792 (Bruchidae - coleoptera)em Syagrus oleraceae Mart. (Palmae)[bicho do coco, Guariroba, Brasil]
650 _aPRAGA DE PLANTA
650 _aGUARIROBA
650 _aBICHO DO COCO
773 0 _tAnais da Escola de Agronomia e Veterinaria - Universidade Federal de Goias (Brazil)
_xISSN 0100-218X
_g(1980), v. 10(1) p. 5-11
_wBR8004372
909 _a202311
_bLúcia
_c55
_dLúcia Elande
942 _2AGRIS
_n0
_cANA
999 _c104777
_d104777